000 01662cam a2200397 i 4500
001 18928922
003 OSt
005 20230503101414.0
008 160105t20172017nyua b 001 0 eng
010 _a 2016000234
020 _a9780826131287
035 _a(DNLM)101674635
040 _aDNLM/DLC
_beng
_cLC
_erda
_dDLC
042 _apcc
050 0 0 _aRC440.P74
082 0 0 _a616.89/0231
_223
130 0 _aPsychiatric-mental health nursing (Jones)
_91410
245 1 0 _aPsychiatric-mental health nursing: an interpersonal approach. /
_c[edited by] Jeffrey S. Jones, Joyce J. Fitzpatrick, Vickie L. Rogers.
250 _a2nd ed.
264 1 _aNew York:
_bSpringer Publishing Company, LLC,
_c2017.
300 _axxvii, 664 p. :
_billustrations (some color) ;
_c28 cm
336 _atext
_2rdacontent
337 _aunmediated
_2rdamedia
338 _avolume
_2rdacarrier
504 _aIncludes bibliographical references and index.
505 _aContents: The practice of psychiatric-mental health nursing -- Health promotion and illness prevention -- Acute and chronic illness -- Growth and development and mental health concerns across the life span -- Mental health care settings -- Cultural, ethical, legal and professional aspects of mental health care --
650 1 2 _aPsychiatric Nursing
_9381
650 2 2 _aNurse-Patient Relations
_9396
650 2 2 _aMental Disorders
_xnursing
_9657
700 1 _aJones, Jeffrey S.
_91411
700 1 _aFitzpatrick, Joyce J.,
_91412
700 1 _aRogers, Vickie L.,
_91413
906 _a7
_bcbc
_corignew
_d1
_eecip
_f20
_gy-gencatlg
942 _2lcc
_cBK
999 _c9581
_d17081